000 00474nam a2200181Ia 4500
005 20250326125155.0
008 250326s9999 xx 000 0 und d
037 _aTextbook
040 _aFMSL
_beng
_cFMSL
041 _aeng
_2eng
084 _aX:99G K8;3
_qFMSL
100 _aJain S K
245 0 _aSupervisor
_cJain S K
260 _aNew Delhi
_bNew Delhi, Wiley Eastern
_c1968
300 _a311p
942 _cTB
_hX:99G K8;3
999 _c1276859
_d1276859